Fundamental bioengineering (Record no. 18687)

MARC details
000 -LEADER
fixed length control field 00433nam a2200169Ia 4500
008 - FIXED-LENGTH DATA ELEMENTS--GENERAL INFORMATION
fixed length control field 230917s9999||||xx |||||||||||||| ||und||
020 ## - ISBN
Price USD205
040 ## - CATALOGING SOURCE
-- 233268
Original cataloging agency VIVEKANANDA LIBRARY
041 ## - Language
-- English
082 ## - DDC NUMBER
Classification number 660.6 V712F
100 ## - MAIN ENTRY--PERSONAL NAME
Personal name Villadsen, John, ed.
245 #0 - TITLE STATEMENT
Title Fundamental bioengineering
260 ## - PUBLICATION, DISTRIBUTION, ETC. (IMPRINT)
Place of publication, distribution, etc Verlag
Name of publisher, distributor, etc Wiley-VCH
Date of publication, distribution, etc 2015
300 ## - PHYSICAL DESCRIPTION
Pages xvi, 560 p.
500 ## - GENERAL NOTE
General note 2326 15/06/2016 HBD16/6584 13/07/2016
942 ## - ADDED ENTRY ELEMENTS (KOHA)
Koha item type Books
Holdings
Withdrawn status Lost status Damaged status Not for loan Location (home branch) Sublocation or collection (holding branch) Shelving location Date acquired Koha issues (times borrowed) Koha full call number Accession No. Koha date last seen Koha item type
        VIVEKANANDA LIBRARY VIVEKANANDA LIBRARY Centre for Biotechnology 24/07/2016   660.6 V712F 353157 17/09/2023 Books
© Designed and Maintained by Vivekananda Library, MDU Rohtak